1482 1394 1284 1420 1337 1604 1234 1177 1963 1914 1187 1060 1331 1951 1447 1109 1467 1363 1453 1493 1180 1149 1770 1358 1302 1058 1718 1196 1793 1576 1143 1169 1188 1363 1315 1432 1954 1909 1909 1456 1539 1700 1634 1306 1041 1667 1567 1797 1367 1398 1016 1177 1412 1694 1353 1530 1664 1148 1124 1725 1336 1352 1227 1659 1308 1277 1888 1295 1541 1620 1138 1787 1379 1100 1388 1671 1216 1627 1171 1038 1344 1805 1771 1531 1088 1206 1300 1029 1927 1183 1955 1039 1876 1615 1954 1527 1969 1528 1431 BCNSPRNW ULIB Ver.6.0+V

เปลี่ยนเป็นภาษาไทย

Change to English
 แสดงรายละเอียดบรรณานุกรม
  กลับหน้าหลัก

Brief Record : Get Marc (ISO 2709) : E-mail record : QR code < ปิดหน้าต่าง
LEADER : 00000nam a2200000Ia 4500
001    13399115206
003     ULIB
008    101004s2552 th 000 0 tha d
020    ^a9789744511492
060 04 ^aWM105^bจ631ส
100 0  ^aจุฑารัตน์ สถิรปัญญา
245 10 ^aสุขภาพจิต =^bMental health /^cจุฑารัตน์ สถิรปัญญา
246 31 ^aMental health
250    ^aพิมพ์ครั้งที่ 2
260    ^aสงขลา :^bสาขาสาธารณสุขศาสตร์ คณะวิทยาการสุขภาพและการกีฬา มหาวิทยาลัยทักษิณ,^c2552
300    ^aก-จ, 194 หน้า ;^c27 ซม.
650  4 ^aสุขภาพจิต
710 2  ^aมหาวิทยาลัยทักษิณ. ^bคณะวิทยาการสุขภาพและการกีฬา.
945    ^p265^l0^i032153
995    ^aเกษร
999 ^a ใช้งานได้ทุกระบบ
รายการนี้ยังไม่มีแท็ก
คุณยังไม่ได้ล็อกอิน คุณสามารถมีกิจกรรมร่วมกับเว็บไซต์ได้ แต่ต้องล็อกอินก่อน ::
  ล็อกอิน

รายการสื่อสารสนเทศ

ลำดับที่ ประเภท เลขเรียก/บาร์โค้ด สถานที่ สถานะ
- ไม่พบข้อมูล -

รายการใกล้เคียง
    ผู้แต่ง [จุฑารัตน์ สถิรปัญญา]

    หัวเรื่อง [สุขภาพจิต]

BibComment


ยังไม่เคยถูกคอมเมนท์

คอมเมนท์ทรัพยากรรายการนี้
  คอมเมนท์: สุขภาพจิต Menta..


 Copyright 2026. Bcnsprnw @Library